| 000 | 00990nam a22002892a 4500 | ||
|---|---|---|---|
| 001 | 35241 | ||
| 003 | BD-RjUL | ||
| 005 | 20211209052302.0 | ||
| 008 | 140522s1947 ii a 001 0 eng d | ||
| 035 | _a(BD-RjUL)35335 | ||
| 040 |
_aWOO _dEQO _dBD-RjUL _beng _cBD-RjUL |
||
| 041 | _aeng | ||
| 082 | 0 | 0 |
_a333 _bDAP 1947 |
| 100 | 1 |
_aDarling, Malcolm Lyall, _d1880-1964. _9107370 |
|
| 245 | 1 | 4 |
_aThe Punjab peasant in prosperity and debt / _cWith a foreword by Sir Edward Maclagan |
| 250 | _a4th ed | ||
| 260 |
_aBombay : _bIndian Branch, Oxford Univ. Press, _c1947. |
||
| 300 |
_axxxii, 277 p. : _bplates, fold. maps. ; _c22 cm |
||
| 500 | _a"List of authorities" p. [265]-267 | ||
| 650 | 0 |
_aLand tenure Punjab _zPunjab _9107371 |
|
| 650 | 0 |
_aPeasants _zIndia _zPunjab _9107372 |
|
| 650 | 0 |
_aInterest _zIndia _zPunjab _9107373 |
|
| 650 | 0 |
_aAgricultural credit _zIndia _zPunjab _9107374 |
|
| 651 | 0 |
_aPunjab _xEconomic conditions _9107375 |
|
| 942 |
_2ddc _cBK |
||
| 999 |
_c35241 _d35241 |
||